<?xml version="1.0" encoding="UTF-8"?>
<record
    xmlns:xsi="http://www.w3.org/2001/XMLSchema-instance"
    xsi:schemaLocation="http://www.loc.gov/MARC21/slim http://www.loc.gov/standards/marcxml/schema/MARC21slim.xsd"
    xmlns="http://www.loc.gov/MARC21/slim">

  <leader>01163nab a2200229 i 4500</leader>
  <controlfield tag="001">768714001</controlfield>
  <controlfield tag="003">CO-MdFUSB</controlfield>
  <controlfield tag="005">20260316102748.0</controlfield>
  <controlfield tag="008">230505s1998    us ||||| |||| 00| 0 eng d</controlfield>
  <datafield tag="040" ind1=" " ind2=" ">
    <subfield code="b">eng</subfield>
    <subfield code="a">CO-MdFUSB</subfield>
    <subfield code="c">CO-MdFUSB</subfield>
    <subfield code="d">CO-MdFUSB</subfield>
  </datafield>
  <datafield tag="100" ind1=" " ind2=" ">
    <subfield code="a">Rowell, Ed</subfield>
    <subfield code="e">autor</subfield>
  </datafield>
  <datafield tag="245" ind1="1" ind2=" ">
    <subfield code="a">Workin' 5 to 9</subfield>
    <subfield code="b">: LEADERSHIP looks at how much pastors work and how they feel about the load </subfield>
    <subfield code="c">/ Ed Rowell </subfield>
  </datafield>
  <datafield tag="300" ind1=" " ind2=" ">
    <subfield code="a">Volumen 19, n&#xFA;mero 2 (Spring 1998), p&#xE1;ginas 86 - 92</subfield>
    <subfield code="c">; 27 cm</subfield>
  </datafield>
  <datafield tag="520" ind1=" " ind2=" ">
    <subfield code="a">En alguna parte entre el humor negro y los chistes acerca del agotamiento del pastor
se puede encontrar una realidad acerca de la sobrecarga pastoral. En b&#xFA;squeda de
respuestas, LEADERSHIP trabaja con Christian Today Inc. para realizar una encuesta a
gran escala para determinar c&#xF3;mo los pastores invierten su tiempo y c&#xF3;mo se sienten en
base a eso.</subfield>
  </datafield>
  <datafield tag="546" ind1=" " ind2=" ">
    <subfield code="a">Texto en Ingl&#xE9;s </subfield>
  </datafield>
  <datafield tag="650" ind1=" " ind2="7">
    <subfield code="9">7265</subfield>
    <subfield code="a">Liderazgo</subfield>
  </datafield>
  <datafield tag="650" ind1=" " ind2="0">
    <subfield code="9">230</subfield>
    <subfield code="a">Psicolog&#xED;a pastoral</subfield>
  </datafield>
  <datafield tag="653" ind1=" " ind2=" ">
    <subfield code="a">Conflicto </subfield>
  </datafield>
  <datafield tag="773" ind1="0" ind2=" ">
    <subfield code="0">68780</subfield>
    <subfield code="9">81941</subfield>
    <subfield code="o">R2461</subfield>
    <subfield code="t">Leadership : </subfield>
    <subfield code="w">(CO-MdFUSB)768714001</subfield>
    <subfield code="g">Volumen 19, n&#xFA;mero 2 (Spring 1998), p&#xE1;ginas 86 - 92</subfield>
    <subfield code="q">p&#xE1;gina 86</subfield>
  </datafield>
  <datafield tag="942" ind1=" " ind2=" ">
    <subfield code="c">ANA</subfield>
  </datafield>
  <datafield tag="945" ind1=" " ind2=" ">
    <subfield code="a">JTF-925</subfield>
  </datafield>
  <datafield tag="999" ind1=" " ind2=" ">
    <subfield code="c">68841</subfield>
    <subfield code="d">68841</subfield>
  </datafield>
</record>
